World's Busiest Airports - Statistics

General Stats
  • This quiz has been taken 79 times
  • The average score is 19 of 25
Answers on the Map
Answers color-coded by a green-red scale on the quiz's map according to % correct below.
 
Answer Stats
Answer % Correct
Harry Reid International Airport
91%
John F. Kennedy International Airport
91%
Los Angeles International Airport
91%
Miami International Airport
91%
Dubai International Airport
89%
Adolfo Suárez Madrid–Barajas Airport
87%
Hartsfield–Jackson Atlanta International Airport
86%
Beijing Capital International Airport
84%
Orlando International Airport
84%
Singapore Changi Airport
84%
Heathrow Airport
83%
Indira Gandhi International Airport
83%
Istanbul Airport
81%
Amsterdam Airport Schiphol
80%
Shanghai Pudong International Airport
80%
Denver International Airport
79%
Frankfurt Airport
74%
O'Hare International Airport
70%
Charles de Gaulle Airport
63%
Charlotte Douglas International Airport
63%
Tokyo Haneda Airport
63%
Dallas Fort Worth International Airport
53%
Guangzhou Baiyun International Airport
37%
Seoul Incheon International Airport
36%
Shenzhen Bao'an International Airport
30%
No matching quizzes found
Score Distribution
Percent of People with Each Score
Percentile by Number Answered
Your Score History
You have not taken this quiz